[Event "Memorijal Dragana Milicevica 2023"]
[Site "Sombor"]
[Date "2023.10.13"]
[Round "5.8"]
[White "Stojakovic, Dusan"]
[Black "Sasic, Miodrag"]
[Result "1-0"]
[WhiteElo "1558"]
[BlackElo "1561"]
[PlyCount "73"]
[EventDate "2023.10.04"]

1. e4 e5 2. Nf3 d6 3. d4 exd4 4. Nxd4 Be7 5. Nc3 Nf6 6. Be2 c6 7. O-O O-O 8.
Be3 a6 9. a4 Nbd7 10. f4 Qc7 11. h3 Nc5 12. Bf3 Ne6 13. g4 Rd8 14. g5 Ne8 15.
Nxe6 fxe6 16. a5 c5 17. Qe2 Bd7 18. Qg2 g6 19. f5 Bc8 20. f6 Bf8 21. h4 Qf7 22.
Rad1 Bd7 23. Rf2 Bc6 24. Rfd2 Qc7 25. h5 Rd7 26. Qh3 Rf7 27. Bg4 Bd7 28. hxg6
hxg6 29. Rh2 Rg7 30. fxg7 Nxg7 31. Rf1 Nh5 32. Bxh5 e5 33. Qf3 Be6 34. Bxg6 Qe7
35. Qh5 Qg7 36. Bf7+ Bxf7 37. Rxf7 1-0

[Event "Memorijal Dragana Milicevica 2023"]
[Site "Sombor"]
[Date "2023.10.13"]
[Round "5.9"]
[White "Kokai, Lea"]
[Black "Kelic, Dusan"]
[Result "0-1"]
[WhiteElo "1303"]
[BlackElo "1488"]
[PlyCount "58"]
[EventDate "2023.10.04"]

1. e4 Nc6 2. d4 d5 3. Nc3 dxe4 4. d5 Nb8 5. Nxe4 e5 6. Nf3 Bg4 7. Be2 Bd6 8.
Nfg5 Bxe2 9. Qxe2 h6 10. Qh5 g6 11. Qh4 Be7 12. O-O f5 13. Qg3 Qxd5 14. Nc3 Qd6
15. Nf3 e4 16. Bf4 Qc6 17. Ne5 Qe6 18. Nb5 Bd6 19. Nxg6 Bxf4 20. Nxf4 Qf7 21.
Ne2 Na6 22. Qe5+ Qe7 23. Qxh8 O-O-O 24. Qc3 c6 25. Na3 Nf6 26. Rad1 Nd5 27. Qc4
e3 28. Nc3 exf2+ 29. Kxf2 Qe3# 0-1

[Event "Memorijal Dragana Milicevica 2023"]
[Site "Sombor"]
[Date "2023.10.16"]
[Round "6.1"]
[White "Kurcubic, Drago"]
[Black "Gajcin, Sinisa"]
[Result "1-0"]
[WhiteElo "2136"]
[BlackElo "1715"]
[PlyCount "81"]
[EventDate "2023.10.04"]

1. e4 c5 2. c3 Nf6 3. e5 Nd5 4. d4 cxd4 5. Nf3 Nc6 6. cxd4 d6 7. exd6 Qxd6 8.
Nc3 Nxc3 9. bxc3 g6 10. d5 Ne5 11. Bb5+ Bd7 12. Bxd7+ Nxd7 13. Qd4 Nf6 14. Qa4+
Qd7 15. Qxd7+ Nxd7 16. Be3 Bg7 17. Rc1 O-O 18. Ke2 Rfc8 19. c4 Nc5 20. Rhd1 Kf8
21. Bd4 Bxd4 22. Nxd4 Rd8 23. Nb3 Rac8 24. Ke3 Rd6 25. Nxc5 Rxc5 26. Kd4 Ra5
27. Rc2 b6 28. Rd3 e6 29. Ke4 exd5+ 30. cxd5 Ke7 31. Rc7+ Rd7 32. Rc2 Rc5 33.
Rxc5 bxc5 34. Ra3 Rb7 35. Ra6 Kd7 36. Ke5 Rc7 37. d6 Rc8 38. Rxa7+ Kc6 39. Rxf7
c4 40. Rc7+ Rxc7 41. dxc7 1-0

[Event "Memorijal Dragana Milicevica 2023"]
[Site "Sombor"]
[Date "2023.10.16"]
[Round "6.2"]
[White "Novakovic, Aleksandar"]
[Black "Mandaric, Petar"]
[Result "1-0"]
[WhiteElo "1992"]
[BlackElo "1776"]
[PlyCount "63"]
[EventDate "2023.10.04"]

1. e4 e5 2. f4 exf4 3. Nf3 g5 4. d4 d6 5. Bc4 h5 6. h4 Bh6 7. hxg5 Bxg5 8. O-O
Bg4 9. Qd3 Bxf3 10. Rxf3 Nh6 11. Bxf4 Rg8 12. Qb3 Rg7 13. Qxb7 Nd7 14. Qd5 Nb6
15. Bxg5 Rxg5 16. Qc6+ Kf8 17. Bb3 Rg7 18. Nc3 Qg5 19. g3 Kg8 20. Qxc7 h4 21.
Qc6 hxg3 22. Qb5 g2 23. Qxg5 Rxg5 24. Rf2 Rd8 25. Rd1 Kf8 26. Rxg2 Rxg2+ 27.
Kxg2 Ng4 28. Kf3 Nf6 29. e5 Nfd7 30. Ke4 Ke7 31. Rf1 f6 32. Nd5+ 1-0

[Event "Memorijal Dragana Milicevica 2023"]
[Site "Sombor"]
[Date "2023.10.16"]
[Round "6.3"]
[White "Vujnovic, Igor"]
[Black "Popovic, Vojin"]
[Result "1/2-1/2"]
[WhiteElo "1663"]
[BlackElo "1746"]
[PlyCount "53"]
[EventDate "2023.10.04"]

1. e4 d5 2. exd5 Qxd5 3. Nc3 Qd6 4. d4 Nf6 5. Nf3 Bg4 6. h3 Bxf3 7. Qxf3 c6 8.
Be3 e6 9. Bd3 Be7 10. O-O Nbd7 11. Ne4 Nxe4 12. Bxe4 Nf6 13. Bd3 Nd5 14. c3
Nxe3 15. Qxe3 O-O 16. Rad1 g6 17. Rfe1 Bf6 18. Qf3 Bg7 19. h4 Rad8 20. Bc2 Rfe8
21. Bb3 a5 22. h5 b5 23. hxg6 hxg6 24. a3 Re7 25. Bc2 b4 26. axb4 axb4 27. Ba4
1/2-1/2

[Event "Memorijal Dragana Milicevica 2023"]
[Site "?"]
[Date "2023.10.16"]
[Round "6.4"]
[White "Knezevic, Janko"]
[Black "Pastrovic, Nenad"]
[Result "1-0"]
[WhiteElo "1831"]
[BlackElo "1792"]
[PlyCount "37"]
[EventDate "2023.??.??"]
[SourceDate "2023.10.16"]

1. e4 d6 2. d4 Nf6 3. Nc3 Nbd7 4. Nf3 e5 5. Bc4 Be7 6. O-O O-O 7. Re1 c6 8. a4
b6 9. Bg5 Qc7 10. Qe2 Bb7 11. Rad1 Rfe8 12. dxe5 dxe5 13. Bh4 a6 14. Bxf7+ Kxf7
15. Ng5+ Kg6 16. Qf3 Rf8 17. Qf5+ Kh5 18. Nf3+ Kh6 19. Qg5# 1-0

[Event "Memorijal Dragana Milicevica 2023"]
[Site "Sombor"]
[Date "2023.10.16"]
[Round "6.5"]
[White "Babac, Zoran"]
[Black "Ostrogonac, Goran"]
[Result "1-0"]
[WhiteElo "1646"]
[BlackElo "1200"]
[PlyCount "59"]
[EventDate "2023.10.04"]

1. b3 e5 2. Bb2 Nc6 3. e3 d5 4. Bb5 Bd6 5. f4 f6 6. Qh5+ g6 7. Qh4 exf4 8. exf4
Qe7+ 9. Ne2 Bd7 10. O-O O-O-O 11. Re1 Re8 12. Nbc3 Nb4 13. Nd4 Qf7 14. Rxe8+
Qxe8 15. Re1 Qf7 16. Bxd7+ Qxd7 17. a3 Bc5 18. Nce2 Nxc2 19. Rc1 Nxd4 20. Nxd4
Bb6 21. Kh1 Qd6 22. Nb5 Qd7 23. a4 a6 24. Nd4 Bxd4 25. Bxd4 Ne7 26. Bxf6 Nf5
27. Qf2 Re8 28. Qa7 Qe6 29. Be5 Nd6 30. Qc5 1-0

[Event "Memorijal Dragana Milicevica 2023"]
[Site "Sombor"]
[Date "2023.10.16"]
[Round "6.6"]
[White "Stojakovic, Dusan"]
[Black "Horvat, Stipan"]
[Result "1/2-1/2"]
[WhiteElo "1558"]
[BlackElo "1594"]
[PlyCount "128"]
[EventDate "2023.10.04"]

1. e4 c6 2. d4 d5 3. Nc3 dxe4 4. Nxe4 Bf5 5. Ng3 Bg6 6. c3 Nf6 7. Nf3 Nbd7 8.
h4 h6 9. Bd3 Bxd3 10. Qxd3 e6 11. Bd2 c5 12. Rc1 Rc8 13. O-O Bd6 14. Ne4 Nxe4
15. Qxe4 b6 16. Rfe1 Nf6 17. Qe2 O-O 18. Ne5 cxd4 19. cxd4 Bxe5 20. Rxc8 Qxc8
21. Qxe5 Nd5 22. Re4 Qc7 23. Qxc7 Nxc7 24. Re1 Nd5 25. Rc1 Rd8 26. Kf1 Kf8 27.
Ke2 Ke7 28. Kd3 Kf6 29. g4 Kg6 30. h5+ Kh7 31. a3 Rd7 32. Rh1 e5 33. f3 Nf4+
34. Bxf4 Rxd4+ 35. Ke3 Rxf4 36. Rd1 Rf6 37. Rd5 g6 38. Rxe5 gxh5 39. gxh5 Kg7
40. Ke4 Rc6 41. Kf4 a6 42. Re3 Kf6 43. Kg4 b5 44. b4 Rc4+ 45. f4 Rc6 46. Rd3
Re6 47. Kf3 Rc6 48. Kg4 Re6 49. Rd5 Rc6 50. Rd3 Ke6 51. Kf3 Rc4 52. Kg4 f5+ 53.
Kf3 Rc1 54. Kg2 Rc6 55. Kf3 Rd6 56. Rc3 Kf6 57. Ke3 Re6+ 58. Kf2 Rd6 59. Rc5
Rd2+ 60. Ke3 Rd6 61. Rc3 Ke6 62. Rc1 Kf6 63. Rc3 Re6+ 64. Kf3 Rd6 1/2-1/2

[Event "Memorijal Dragana Milicevica 2023"]
[Site "Sombor"]
[Date "2023.10.16"]
[Round "6.7"]
[White "Kelic, Dusan"]
[Black "Grba, Ilija"]
[Result "0-1"]
[WhiteElo "1488"]
[BlackElo "1709"]
[Annotator "Robert"]
[PlyCount "30"]
[EventDate "2023.10.04"]

1. e4 d5 2. exd5 Nf6 3. Nc3 Nxd5 4. Nxd5 Qxd5 5. Nf3 Bg4 6. Be2 Nc6 7. O-O e6
8. h3 Bh5 9. c4 Qd7 10. d4 O-O-O 11. Be3 Kb8 12. c5 Be7 13. Bb5 Qd5 14. Qa4
Bxf3 15. Bxc6 bxc6 {Necitko.} 0-1

[Event "Memorijal Dragana Milicevica 2023"]
[Site "Sombor"]
[Date "2023.10.16"]
[Round "6.10"]
[White "Mitrovic, Nenad Dj"]
[Black "Djurosev, Djordje"]
[Result "0-1"]
[WhiteElo "1327"]
[BlackElo "1506"]
[PlyCount "33"]
[EventDate "2023.10.04"]

1. e4 c6 2. d4 d5 3. e5 Bf5 4. Nc3 e6 5. Nf3 c5 6. Bb5+ Nc6 7. O-O a6 8. Bd3
Bxd3 9. Qxd3 h6 10. Re1 cxd4 11. Nxd4 Bc5 12. Be3 Nxe5 13. Qe2 Bd6 14. Rad1 Nf6
15. a3 O-O 16. b3 Rc8 17. Qd2 0-1

[Event "Memorijal Dragana Milicevica 2023"]
[Site "Sombor"]
[Date "2023.10.18"]
[Round "7.1"]
[White "Kurcubic, Drago"]
[Black "Babac, Zoran"]
[Result "1-0"]
[WhiteElo "2136"]
[BlackElo "1646"]
[PlyCount "119"]
[EventDate "2023.10.04"]

1. e4 g6 2. d4 Bg7 3. Nc3 d6 4. g3 c6 5. Be3 Nf6 6. h3 O-O 7. Bg2 Nbd7 8. Nge2
b5 9. a3 Bb7 10. O-O Qc7 11. Qd2 a5 12. Bh6 b4 13. Nd1 c5 14. Bxg7 Kxg7 15. d5
e6 16. c4 exd5 17. exd5 Rfe8 18. Ne3 Re7 19. axb4 axb4 20. Rxa8 Bxa8 21. Ng4
Nxg4 22. hxg4 Ne5 23. b3 Bb7 24. g5 Re8 25. Qb2 Kg8 26. Ra1 Bc8 27. Ra8 Bd7 28.
Rxe8+ Bxe8 29. f4 Ng4 30. Bf3 h5 31. Bxg4 hxg4 32. Qf6 Qd7 33. Kf2 Qf5 34. Qxd6
Qe4 35. Qxc5 Qf3+ 36. Ke1 Qxb3 37. Qc8 Qe3 38. d6 Kg7 39. d7 Bxd7 40. Qxd7 b3
41. Qb5 Qd3 42. Qe5+ Kf8 43. Qb2 Qxc4 44. Kd2 Qd5+ 45. Kc3 Qf3+ 46. Kd2 Qd5+
47. Qd4 Qa5+ 48. Nc3 b2 49. Kc2 Qa3 50. Qh8+ Ke7 51. Qe5+ Kf8 52. Qb8+ Ke7 53.
Qxb2 Qc5 54. Qb4 Qxb4 55. Nd5+ Ke6 56. Nxb4 f6 57. gxf6 Kxf6 58. Kd3 g5 59. Ke4
gxf4 60. Kxf4 1-0

[Event "Memorijal Dragana Milicevica 2023"]
[Site "Sombor"]
[Date "2023.10.18"]
[Round "7.2"]
[White "Knezevic, Janko"]
[Black "Novakovic, Aleksandar"]
[Result "1/2-1/2"]
[WhiteElo "1831"]
[BlackElo "1992"]
[PlyCount "50"]
[EventDate "2023.10.04"]

1. e4 e5 2. Nf3 Nc6 3. Bc4 Nf6 4. Nc3 Be7 5. d3 d6 6. h3 a6 7. a4 O-O 8. O-O
Be6 9. Nd5 Qd7 10. Ng5 Rab8 11. Nxe7+ Nxe7 12. Nxe6 fxe6 13. f4 exf4 14. Bxf4
Ng6 15. Bg5 c6 16. Bxf6 Rxf6 17. Rxf6 gxf6 18. Qg4 d5 19. Bb3 Kh8 20. exd5 cxd5
21. Qd4 Ne5 22. Qf4 Qg7 23. Rf1 Rf8 24. Kh1 Ng6 25. Qd4 Ne5 1/2-1/2

[Event "Memorijal Dragana Milicevica 2023"]
[Site "Sombor"]
[Date "2023.10.18"]
[Round "7.3"]
[White "Gajcin, Sinisa"]
[Black "Vujnovic, Igor"]
[Result "0-1"]
[WhiteElo "1715"]
[BlackElo "1663"]
[Annotator "Robert"]
[PlyCount "112"]
[EventDate "2023.10.04"]

1. c4 e5 2. Nc3 Nf6 3. g3 Nc6 4. Bg2 Bb4 5. Nf3 d6 6. O-O O-O 7. Qc2 Bxc3 8.
Qxc3 h6 9. d3 Re8 10. b3 Bd7 11. Bb2 Qc8 12. e4 Bh3 13. b4 Bxg2 14. Kxg2 a6 15.
Nh4 Qd7 16. a4 Nd4 17. h3 g5 18. Nf5 Nxf5 19. exf5 Qxf5 20. f4 gxf4 21. gxf4
Kh7 22. Kh2 Rg8 23. Qd2 Ng4+ 24. Kh1 Qh5 25. Qg2 f5 26. Qf3 exf4 27. Bc1 Nf6
28. Qxh5 Nxh5 29. Bxf4 Nxf4 30. Rxf4 Rg3 31. Kh2 Rag8 32. Rxf5 Rxd3 33. Raf1
Rdg3 34. c5 dxc5 35. bxc5 Rg2+ 36. Kh1 R8g7 37. Rb1 Ra2 38. c6 b6 39. Rf4 Rc2
40. Rf6 Rc4 41. Ra1 b5 42. axb5 axb5 43. Ra5 Rc1+ 44. Kh2 Rc2+ 45. Kh1 Re7 46.
Ra1 b4 47. Rd1 Kg7 48. Rf4 Rc3 49. Rxb4 Rxc6 50. Rg4+ Kh7 51. Ra1 Rc2 52. Rg2
Rxg2 53. Kxg2 Re2+ 54. Kf3 Rc2 55. Ra7 Kg6 56. Ra6+ Kg5 {Necitko.} 0-1

[Event "Memorijal Dragana Milicevica 2023"]
[Site "Sombor"]
[Date "2023.10.18"]
[Round "7.4"]
[White "Popovic, Vojin"]
[Black "Mandaric, Petar"]
[Result "1-0"]
[WhiteElo "1746"]
[BlackElo "1776"]
[PlyCount "77"]
[EventDate "2023.10.04"]

1. e4 e5 2. Nf3 Nc6 3. Bc4 d6 4. O-O Na5 5. Be2 f5 6. exf5 Bxf5 7. d4 e4 8. Re1
Be7 9. Nfd2 d5 10. c4 Nc6 11. Nb3 Nf6 12. Nc3 Nb4 13. Bg5 c6 14. a3 Na6 15.
cxd5 cxd5 16. Bb5+ Kf7 17. f3 Nc7 18. fxe4 Nxb5 19. exf5 Nxc3 20. bxc3 Ne4 21.
Bxe7 Qxe7 22. Qh5+ Kf8 23. Nc5 b6 24. Nd3 Qg5 25. Qxg5 Nxg5 26. Nf4 Rd8 27. h4
Ne4 28. Ne6+ Kf7 29. Nxd8+ Rxd8 30. c4 Ng3 31. Rac1 Nxf5 32. Rf1 Kg6 33. cxd5
Nxd4 34. Rc7 Rxd5 35. Rxa7 Nf5 36. Ra6 Rb5 37. a4 Rb2 38. a5 Ne3 39. Rxb6+ 1-0

[Event "Memorijal Dragana Milicevica 2023"]
[Site "Sombor"]
[Date "2023.10.18"]
[Round "7.8"]
[White "Ostrogonac, Goran"]
[Black "Djurosev, Djordje"]
[Result "1-0"]
[WhiteElo "1200"]
[BlackElo "1506"]
[PlyCount "63"]
[EventDate "2023.10.04"]

1. d4 Nf6 2. c4 g6 3. Nc3 Bg7 4. e4 d6 5. Nf3 c5 6. Be3 Nc6 7. d5 Nb8 8. h3 a6
9. Qd2 h6 10. Bd3 e5 11. a3 Bd7 12. b4 cxb4 13. axb4 b6 14. O-O a5 15. Rfb1 Na6
16. bxa5 Nc5 17. a6 Ra7 18. Bxc5 dxc5 19. Qb2 O-O 20. Nxe5 Qc8 21. Qxb6 Bxh3
22. Qxa7 Nd7 23. Nxd7 Bxd7 24. Ra3 Bh3 25. Bf1 Qg4 26. Nb5 Bxg2 27. Bxg2 Qe2
28. Qb7 Qc2 29. Rab3 Qc3 30. a7 Bd4 31. Nxd4 cxd4 32. a8=Q 1-0

[Event "Memorijal Dragana Milicevica 2023"]
[Site "Sombor"]
[Date "2023.10.18"]
[Round "7.10"]
[White "Kokai, Lea"]
[Black "Mitrovic, Nenad Dj"]
[Result "1-0"]
[WhiteElo "1303"]
[BlackElo "1327"]
[PlyCount "61"]
[EventDate "2023.10.04"]

1. e4 g6 2. d4 Bg7 3. Nf3 h6 4. Nc3 Nf6 5. Be3 d6 6. h3 O-O 7. Qd2 a6 8. Bxh6
Nh5 9. Bxg7 Kxg7 10. Be2 e6 11. O-O-O c5 12. dxc5 dxc5 13. Qxd8 Rxd8 14. Rxd8
Nc6 15. Rd6 Nf4 16. Bf1 Nb4 17. a3 Nc6 18. Ne2 Nh5 19. g4 Nf6 20. Ng3 Ne8 21.
Rd3 b5 22. h4 Bb7 23. h5 gxh5 24. gxh5 Nf6 25. h6+ Kh7 26. Ng5+ Kg6 27. Nh3
Kxh6 28. Nf4+ Kg7 29. Ngh5+ Nxh5 30. Nxh5+ Kg6 31. Rg3+ 1-0

[Event "Memorijal Dragana Milicevica 2023"]
[Site "Sombor"]
[Date "2023.10.20"]
[Round "8.1"]
[White "Vujnovic, Igor"]
[Black "Kurcubic, Drago"]
[Result "0-1"]
[WhiteElo "1663"]
[BlackElo "2136"]
[PlyCount "78"]
[EventDate "2023.10.04"]

1. e4 c6 2. d4 d5 3. exd5 cxd5 4. Bd3 Nc6 5. c3 Nf6 6. Bf4 g6 7. Nf3 Bg7 8. O-O
O-O 9. Nbd2 Bf5 10. Be2 Nh5 11. Be3 Qc7 12. Nh4 Nf4 13. Bxf4 Qxf4 14. Nxf5 gxf5
15. Nf3 Kh8 16. Re1 Rg8 17. Qb3 Qd6 18. Bd3 Bf6 19. Qd1 e6 20. Qe2 Rg7 21. Kh1
Rag8 22. Rg1 Rg6 23. Rae1 Qf4 24. g3 Qh6 25. Ne5 Bxe5 26. dxe5 Qh3 27. Qf1 Qh5
28. Qe2 Rg4 29. a3 R8g6 30. b4 Rh6 31. Rg2 Qh3 32. Qf1 f4 33. Be2 Nxe5 34. Bxg4
Nxg4 35. gxf4 Nxh2 36. Rg8+ Kxg8 37. Qxh3 Rxh3 38. Kg2 Rxc3 39. Kxh2 Rxa3 0-1

[Event "Memorijal Dragana Milicevica 2023"]
[Site "Sombor"]
[Date "2023.10.20"]
[Round "8.2"]
[White "Novakovic, Aleksandar"]
[Black "Popovic, Vojin"]
[Result "1-0"]
[WhiteElo "1992"]
[BlackElo "1746"]
[PlyCount "59"]
[EventDate "2023.10.04"]

1. e4 d5 2. exd5 Qxd5 3. Nc3 Qd6 4. d4 Nf6 5. Nf3 Bg4 6. h3 Bxf3 7. Qxf3 c6 8.
Be3 e6 9. Bc4 Qb4 10. Bb3 Nd5 11. Bd2 Qxd4 12. Nxd5 cxd5 13. Bc3 Qb6 14. O-O
Nc6 15. Rfe1 Rd8 16. Bxd5 Nd4 17. Bxd4 Qxd4 18. Rad1 Qxb2 19. Bc6+ Ke7 20. Rxd8
Kxd8 21. Rd1+ Kc8 22. Bxb7+ Qxb7 23. Rd8+ Kxd8 24. Qxb7 h5 25. c4 Rh6 26. Qb8+
Ke7 27. c5 e5 28. Qb7+ Ke6 29. c6 Bd6 30. Qd7+ 1-0

[Event "Memorijal Dragana Milicevica 2023"]
[Site "Sombor"]
[Date "2023.10.20"]
[Round "8.3"]
[White "Stojakovic, Dusan"]
[Black "Knezevic, Janko"]
[Result "0-1"]
[WhiteElo "1558"]
[BlackElo "1831"]
[PlyCount "67"]
[EventDate "2023.10.04"]

1. e4 c5 2. Nf3 d6 3. Bb5+ Bd7 4. Bxd7+ Qxd7 5. O-O Nc6 6. c3 Nf6 7. Qe2 e6 8.
d4 cxd4 9. cxd4 Be7 10. Nc3 O-O 11. Re1 d5 12. e5 Ne8 13. Bd2 g6 14. h3 Ng7 15.
Bh6 a6 16. a3 Rfc8 17. Bxg7 Kxg7 18. Rac1 Na5 19. Rc2 Rc4 20. Qd3 Nb3 21. Nxd5
Rxc2 22. Qxb3 Rxb2 23. Qxb2 Qxd5 24. Rc1 Qd7 25. Rb1 b5 26. Rd1 Kg8 27. Qb3 Qd5
28. Qc3 Qb7 29. Rc1 b4 30. axb4 Bxb4 31. Qb3 a5 32. Rb1 Qb6 33. Qd3 Rc8 34. Qe3
0-1

[Event "Memorijal Dragana Milicevica 2023"]
[Site "Sombor"]
[Date "2023.10.20"]
[Round "8.4"]
[White "Gajcin, Sinisa"]
[Black "Sasic, Miodrag"]
[Result "1-0"]
[WhiteElo "1715"]
[BlackElo "1561"]
[PlyCount "69"]
[EventDate "2023.10.04"]

1. c4 c5 2. Nc3 b6 3. Nf3 Bb7 4. g3 e6 5. Bg2 Na6 6. O-O Be7 7. d4 cxd4 8. Qxd4
Nf6 9. e4 d6 10. e5 dxe5 11. Qxe5 Qd6 12. Qe2 Nc5 13. Rd1 Qc7 14. Bf4 Qc8 15.
Nb5 O-O 16. Bd6 Bxd6 17. Nxd6 Qc7 18. b4 Na4 19. Qc2 Bxf3 20. Bxf3 Rad8 21. Nb5
Qc8 22. Qxa4 Qxc4 23. Rac1 Rxd1+ 24. Rxd1 a5 25. Nd6 Qc3 26. Kg2 g5 27. bxa5
bxa5 28. Ne4 Nxe4 29. Qxe4 Rb8 30. Be2 Rb2 31. Bd3 Rd2 32. Qxh7+ Kf8 33. Qh6+
Ke8 34. Bb5+ Kd8 35. Qxg5+ 1-0

[Event "Memorijal Dragana Milicevica 2023"]
[Site "Sombor"]
[Date "2023.10.20"]
[Round "8.5"]
[White "Horvat, Stipan"]
[Black "Ostrogonac, Goran"]
[Result "1/2-1/2"]
[WhiteElo "1594"]
[BlackElo "1200"]
[PlyCount "86"]
[EventDate "2023.10.04"]

1. e4 e5 2. Bc4 Nf6 3. d3 Bc5 4. Bg5 d6 5. Bxf6 Qxf6 6. Qf3 Qg6 7. h3 Nc6 8.
Bb5 Bd7 9. Bxc6 Bxc6 10. Ne2 O-O-O 11. Ng3 Kb8 12. Qf5 Qh6 13. O-O f6 14. Qh5
Qf4 15. Ne2 Qh6 16. Ng3 Qf4 17. Ne2 Qh6 18. Qxh6 gxh6 19. Nbc3 Rhg8 20. Kh2 Rg6
21. Ng3 Rdg8 22. Nce2 d5 23. d4 exd4 24. Nf4 dxe4 25. Nxg6 Rxg6 26. Nf5 e3 27.
g4 Bb5 28. fxe3 dxe3 29. Rfe1 e2 30. a4 Ba6 31. Rxe2 Bxe2 32. Re1 Bd6+ 33. Nxd6
cxd6 34. Rxe2 Kc7 35. Re7+ Kc6 36. Rxh7 a5 37. Kg3 f5 38. Kf4 fxg4 39. hxg4
Rf6+ 40. Ke3 Re6+ 41. Kd3 Rg6 42. b3 Rxg4 43. Rxh6 Kc5 1/2-1/2

[Event "Memorijal Dragana Milicevica 2023"]
[Site "Sombor"]
[Date "2023.10.20"]
[Round "8.9"]
[White "Djurosev, Djordje"]
[Black "Grba, Ilija"]
[Result "1/2-1/2"]
[WhiteElo "1506"]
[BlackElo "1709"]
[PlyCount "59"]
[EventDate "2023.10.04"]

1. e4 c5 2. c3 Nc6 3. d4 cxd4 4. cxd4 d5 5. exd5 Qxd5 6. Nf3 Bg4 7. Nc3 Qa5 8.
Be3 e6 9. a3 Nf6 10. Bd3 Nd5 11. O-O Nxc3 12. bxc3 Be7 13. c4 O-O 14. h3 Bh5
15. Qc2 Bg6 16. Bd2 Qd8 17. Rfe1 Nxd4 18. Nxd4 Qxd4 19. Bxg6 hxg6 20. Be3 Qd7
21. Red1 Qc6 22. a4 a6 23. Rab1 Rac8 24. Rb6 Qxc4 25. Qxc4 Rxc4 26. Rxb7 Bb4
27. Rd4 Rxd4 28. Bxd4 a5 29. Ra7 Rd8 30. Bb6 1/2-1/2

[Event "Memorijal Dragana Milicevica 2023"]
[Site "Sombor"]
[Date "2023.10.20"]
[Round "8.10"]
[White "Kelic, Dusan"]
[Black "Mitrovic, Nenad Dj"]
[Result "1-0"]
[WhiteElo "1488"]
[BlackElo "1327"]
[PlyCount "36"]
[EventDate "2023.10.04"]

1. e4 g6 2. d4 Nf6 3. Nf3 Nxe4 4. Bd3 Nf6 5. O-O Bg7 6. Nc3 O-O 7. Re1 e6 8.
Bg5 Re8 9. d5 h6 10. dxe6 hxg5 11. exf7+ Kxf7 12. Nxg5+ Kf8 13. Qf3 d6 14. Bxg6
Re5 15. Rxe5 dxe5 16. Rd1 Nbd7 17. Ne6+ Ke7 18. Nxd8 Kxd8 1-0

[Event "Memorijal Dragana Milicevica 2023"]
[Site "Sombor"]
[Date "2023.10.23"]
[Round "9.1"]
[White "Kurcubic, Drago"]
[Black "Novakovic, Aleksandar"]
[Result "1/2-1/2"]
[WhiteElo "2136"]
[BlackElo "1992"]
[PlyCount "34"]
[EventDate "2023.10.04"]

1. e4 e5 2. Nf3 Nf6 3. Nxe5 d6 4. Nf3 Nxe4 5. Nc3 Nf6 6. d4 Be7 7. h3 Nc6 8.
Be3 O-O 9. Bc4 Bf5 10. O-O d5 11. Bd3 Ne4 12. Nd2 Nxc3 13. bxc3 Bxd3 14. cxd3
Bf6 15. Rb1 b6 16. Nf3 Qd6 17. Qd2 Rfe8 1/2-1/2

[Event "Memorijal Dragana Milicevica 2023"]
[Site "Sombor"]
[Date "2023.10.23"]
[Round "9.3"]
[White "Ostrogonac, Goran"]
[Black "Vujnovic, Igor"]
[Result "0-1"]
[WhiteElo "1200"]
[BlackElo "1663"]
[Annotator "Robert"]
[PlyCount "31"]
[EventDate "2023.10.04"]

1. d4 Nf6 2. c4 e6 3. Nc3 Bb4 4. Qc2 O-O 5. Bg5 h6 6. Bh4 d5 7. e3 c5 8. Nf3
Nc6 9. Rd1 cxd4 10. exd4 b6 11. cxd5 exd5 12. Be2 Bb7 13. O-O Bxc3 14. bxc3 Rc8
15. Qf5 Qe7 16. Bxf6 {Necitko.} 0-1

[Event "Memorijal Dragana Milicevica 2023"]
[Site "Sombor"]
[Date "2023.10.23"]
[Round "9.4"]
[White "Babac, Zoran"]
[Black "Horvat, Stipan"]
[Result "1/2-1/2"]
[WhiteElo "1646"]
[BlackElo "1594"]
[PlyCount "92"]
[EventDate "2023.10.04"]

1. b3 c6 2. Bb2 d5 3. g3 Nd7 4. Nf3 Qc7 5. d3 e5 6. Nbd2 Bd6 7. e4 Ngf6 8. Bg2
O-O 9. exd5 Nxd5 10. O-O f5 11. Nc4 f4 12. Nxd6 Qxd6 13. Re1 fxg3 14. hxg3 Re8
15. Qe2 N5f6 16. Nxe5 Nf8 17. d4 Bf5 18. Qc4+ Nd5 19. a4 Be6 20. Ba3 Qd8 21.
Qd3 Qf6 22. c4 Bf5 23. Be4 Bxe4 24. Rxe4 Nb6 25. Rae1 Ne6 26. Qf3 Ng5 27. Qxf6
gxf6 28. Rg4 h6 29. f4 h5 30. Rh4 fxe5 31. fxg5 exd4 32. Rhe4 Rxe4 33. Rxe4 Rd8
34. Kf2 d3 35. Ke1 d2+ 36. Kd1 Rd3 37. a5 Nd7 38. Re8+ Kg7 39. Re2 Kg6 40. Rxd2
Rxd2+ 41. Kxd2 Kxg5 42. Bd6 Kg4 43. Kc3 Kf5 44. Kd4 a6 45. b4 Nf6 46. Be7 Ne4
1/2-1/2

[Event "Memorijal Dragana Milicevica 2023"]
[Site "Sombor"]
[Date "2023.10.23"]
[Round "9.5"]
[White "Popovic, Vojin"]
[Black "Kelic, Dusan"]
[Result "1/2-1/2"]
[WhiteElo "1746"]
[BlackElo "1488"]
[PlyCount "38"]
[EventDate "2023.10.04"]

1. e4 e5 2. Nf3 Nc6 3. Bc4 Bc5 4. d3 Nf6 5. O-O O-O 6. h3 a6 7. a4 d6 8. c3 Be6
9. Bxe6 fxe6 10. Qb3 Qc8 11. Be3 Na5 12. Qc2 Bxe3 13. fxe3 Nd7 14. b4 Nc6 15.
Nbd2 d5 16. Qb3 Nf6 17. exd5 exd5 18. e4 Qd7 19. Rad1 Rae8 1/2-1/2

[Event "Memorijal Dragana Milicevica 2023"]
[Site "Sombor"]
[Date "2023.10.23"]
[Round "9.6"]
[White "Sasic, Miodrag"]
[Black "Mandaric, Petar"]
[Result "1/2-1/2"]
[WhiteElo "1561"]
[BlackElo "1776"]
[PlyCount "24"]
[EventDate "2023.10.04"]

1. e4 e5 2. Bc4 Nf6 3. Nf3 Nc6 4. Nc3 Bc5 5. d3 h6 6. h3 d6 7. g4 Nxg4 8. hxg4
Bxg4 9. Be3 Qf6 10. Nd5 Qxf3 11. Qxf3 Bxf3 12. Rh3 Bxe3 1/2-1/2

[Event "Memorijal Dragana Milicevica 2023"]
[Site "Sombor"]
[Date "2023.10.23"]
[Round "9.7"]
[White "Kokai, Lea"]
[Black "Stojakovic, Dusan"]
[Result "0-1"]
[WhiteElo "1303"]
[BlackElo "1558"]
[PlyCount "38"]
[EventDate "2023.10.04"]

1. e4 c5 2. Nf3 Nc6 3. d4 cxd4 4. Nxd4 g6 5. Nc3 Bg7 6. Be3 Nf6 7. Nxc6 bxc6 8.
e5 Ng8 9. Bd4 Nh6 10. e6 O-O 11. exf7+ Nxf7 12. Qd2 e5 13. Be3 d5 14. Bc5 Re8
15. O-O-O d4 16. Ne4 Bh6 17. Bc4 Bxd2+ 18. Rxd2 Be6 19. Bxe6 Rxe6 0-1

[Event "Memorijal Dragana Milicevica 2023"]
[Site "Sombor"]
[Date "2023.10.23"]
[Round "9.8"]
[White "Djurosev, Djordje"]
[Black "Pastrovic, Nenad"]
[Result "0-1"]
[WhiteElo "1506"]
[BlackElo "1792"]
[PlyCount "54"]
[EventDate "2023.10.04"]

1. e4 d6 2. d4 Nf6 3. Nc3 Nbd7 4. Nf3 e5 5. Be3 Be7 6. Bd3 c6 7. h3 Qc7 8. Qd2
b5 9. a3 a6 10. Ne2 d5 11. Ng3 Bb7 12. exd5 Nxd5 13. Be2 O-O-O 14. c4 Nxe3 15.
fxe3 exd4 16. Nf5 Nc5 17. N3xd4 g6 18. Nxe7+ Qxe7 19. Qc3 Ne4 20. Qb4 c5 21.
Qa5 Qh4+ 22. Kd1 cxd4 23. Kc2 d3+ 24. Bxd3 Qf2+ 25. Kb3 Rxd3+ 26. Ka2 Nc3+ 27.
Kb3 Na4+ 0-1